Austragungsorte Darts Premier League 2026 - Statistiken

Allgemein
  • Dieses Quiz wurde 112 mal gespielt
  • Das Durchschnittsergebnis liegt bei 13 aus 17
Antwortstatistiken
Datum Land Austragungsort % Korrekt
26. März 2026 Deutschland Berlin
98%
28. Mai 2026 England London
94%
19. März 2026 Irland Dublin
92%
2. April 2026 England Manchester
92%
23. April 2026 England Liverpool
88%
16. April 2026 Niederlande Rotterdam
86%
5. März 2026 Wales Cardiff
85%
19. Februar 2026 Schottland Glasgow
84%
26. Februar 2026 Nordirland Belfast
76%
12. Februar 2026 Belgien Antwerpen
74%
5. Februar 2026 England Newcastle
73%
14. Mai 2026 England Birmingham
71%
7. Mai 2026 England Leeds
66%
30. April 2026 Schottland Aberdeen
60%
9. April 2026 England Brighton
47%
12. März 2026 England Nottingham
47%
21. Mai 2026 England Sheffield
44%
Keine übereinstimmenden Quizze gefunden
Verteilung der Resultate
Anzahl Personen mit jedem Resultat
Perzentil nach korrekt beantworteten Fragen
Ihre Resultats-Entwicklung
Sie haben dieses Quiz noch nicht gespielt